Physical chemistry / (Record no. 11981)

MARC details
000 -LEADER
fixed length control field 00982nam a22002891i 4500
001 - CONTROL NUMBER
control field 1224579
003 - CONTROL NUMBER IDENTIFIER
control field EG-ScBUE
005 - DATE AND TIME OF LATEST TRANSACTION
control field 20250709082616.0
008 - FIXED-LENGTH DATA ELEMENTS--GENERAL INFORMATION
fixed length control field 711108t1966 nyua f 001 0 eng
040 ## - CATALOGING SOURCE
Original cataloging agency EG-ScBUE
Language of cataloging eng
Description conventions rda
Transcribing agency EG-ScBUE
Modifying agency EG-ScBUE
082 04 - DEWEY DECIMAL CLASSIFICATION NUMBER
Classification number 541
Edition number 22
Item number BAR
100 1# - MAIN ENTRY--PERSONAL NAME
Personal name Barrow, Gordon M.,
9 (RLIN) 6752
Relator term author.
245 10 - TITLE STATEMENT
Title Physical chemistry /
Statement of responsibility, etc Gordon M. Barrow, professor of chemistry, Case Institute of Technology.
250 ## - EDITION STATEMENT
Edition statement Second edition.
264 #1 - PUBLICATION, DISTRIBUTION, ETC. (IMPRINT)
Place of publication, distribution, etc New York :
Name of publisher, distributor, etc McGraw-Hill Book Company,
Date of publication, distribution, etc [1966]
264 #4 - PUBLICATION, DISTRIBUTION, ETC. (IMPRINT)
Date of publication, distribution, etc c1966
300 ## - PHYSICAL DESCRIPTION
Extent xiii, 843 pages :
Other physical details illustrations (some color) ;
Dimensions 25 cm.
336 ## - CONTENT TYPE
Source rdacontent
Content type term text
Content type code txt
337 ## - MEDIA TYPE
Media type term unmediated
Source rdamedia
Media type code n
338 ## - CARRIER TYPE
Carrier type term volume
Carrier type code nc
Source rdacarrier
490 0# - SERIES STATEMENT
Series statement McGraw-Hill series in undergraduate chemistry
500 ## - GENERAL NOTE
General note Includes Appendices.<br/>
500 ## - GENERAL NOTE
General note Includes index.<br/>
650 #7 - SUBJECT ADDED ENTRY--TOPICAL TERM
Topical term or geographic name as entry element Chemistry, Physical and theoretical.
9 (RLIN) 6753
Source of heading or term BUEsh
655 ## - INDEX TERM--GENRE/FORM
Form subdivision Reading book
942 ## - ADDED ENTRY ELEMENTS (KOHA)
Source of classification or shelving scheme Dewey Decimal Classification
Koha item type Book - Borrowing
Holdings
Withdrawn status Lost status Source of classification or shelving scheme Damaged status Not for loan Collection code Home library Current library Shelving location Date acquired Source of acquisition Cost, normal purchase price Total Checkouts Full call number Barcode Date last seen Koha item type
    Dewey Decimal Classification     Alef-Baa Central Library Central Library First floor 23/06/2009 Purchase 150.00   541 BAR 000017041 15/07/2025 Book - Borrowing